| 000 | 00381nam a22001577a 4500 | ||
|---|---|---|---|
| 003 | SGT | ||
| 020 | _a978-81-8191-389-0 | ||
| 082 |
_a616.0707 _bS13N |
||
| 100 | _aNATARAJAN,SARIKANT | ||
| 245 | _aSCULPTODONTIA :GUIDE TO TOOTH CARVING. | ||
| 250 | _a1ST | ||
| 260 |
_aHYDERABAD _bPARAS MEDICAL PUBLICATION _c2013 |
||
| 300 | _a147 | ||
| 650 | _aORAL PATHOLOGY | ||
| 942 |
_2ddc _cBK |
||
| 999 |
_c10879 _d10879 |
||